| 000 | 01427nam a2200397 a 4500 | ||
|---|---|---|---|
| 999 |
_c529211 _d529211 |
||
| 001 | 4031095 | ||
| 003 | NUST | ||
| 005 | 20190923102619.0 | ||
| 008 | 980305s1997 pk a 001 0 eng | ||
| 010 | _a 97930620 | ||
| 020 | _a9693508211 | ||
| 025 | _aP-E-97930620; 19; 20 | ||
| 038 | _aMSOHAIL | ||
| 040 | M |
_aDLC _cDLC |
|
| 042 | _alcode | ||
| 043 | _aa-pk--- | ||
| 050 | 0 | 0 |
_aQ127.P26 _bK47 1997 |
| 082 | 0 | 0 | _a954.91 KHA |
| 100 | 1 |
_aKhan, A. Q. _q(Abdul Qadeer), _d1936- _96520 |
|
| 245 | 1 | 0 |
_aDr. A.Q. Khan on science and education / _ceditors, S. Shabbir Hussain, Mujahid Kamran. |
| 260 |
_aLahore : _bSang-e-Meel Publications, _c1997. |
||
| 300 |
_a267 p. : _bchiefly col. ill. ; _c23 cm. |
||
| 500 | _aIncludes index. | ||
| 650 | 0 |
_aScience _zPakistan. _921057 |
|
| 650 | 0 |
_aTechnology _zPakistan. _921058 |
|
| 650 | 0 |
_aNuclear energy _zPakistan. _921059 |
|
| 650 | 0 |
_aScience _xStudy and teaching _zPakistan. _921060 |
|
| 650 | 0 |
_aTechnology _xStudy and teaching _zPakistan. _921061 |
|
| 650 | 0 |
_aNuclear weapons. _913005 |
|
| 700 | 1 |
_aHussain, Syed Shabbir. _921062 |
|
| 700 | 1 |
_aKamran, Mujahid. _911305 |
|
| 856 | _uhttp://www.amazon.com/Dr-Q-Khan-Science-Education/dp/9693508211/ref=sr_1_1?s=books&ie=UTF8&qid=1455004955&sr=1-1&keywords=9693508211 | ||
| 906 |
_a7 _bcbc _corigode _d3 _encip _f19 _gy-gencatlg |
||
| 942 |
_2ddc _cBK |
||